| 000 | 01237nam a22002057a 4500 | ||
|---|---|---|---|
| 003 | JO-AjAnu | ||
| 005 | 20240921094218.0 | ||
| 008 | 240918b jo ||||| |||| 00| 0 ara d | ||
| 040 |
_aJO-AjAnu _banu _cJO-AjAnu |
||
| 041 | _hara | ||
| 100 |
_aرواشدة، ألاء صالح محمد _eمعد _966212 |
||
| 245 |
_aدرجة توظيف معلمي الطلبة ذوي صعوبات التعلم للقصص التعليمية الرقمية في غرف المصادر في ضوء بعض المتغيرات = The Degree of use of Digital Educational Stories by teachers of students with learning Disabilties in Resource Rooms in Light of some Variables _c / اعداد ألاء صالح محمد رواشدة ؛ اشراف برهان محمود حمادنة |
||
| 260 | _c2024 | ||
| 300 | _a87 ورقة | ||
| 500 | _aاطروحة جامعية (ماجستير)جامعة عجلون الوطنية / كلية العلوم التربوية ، تخصص صعوبات التعلم | ||
| 650 | _vصعوبات التعلم-الوسائل التعليمية-التربية الخاصة | ||
| 700 |
_aحمادنة، برهان محمود _eمشرف _966032 |
||
| 700 |
_aربيع الزغول _eمشرف مشارك _966219 |
||
| 942 |
_2lcc _cTHS _n0 |
||
| 999 |
_c33690 _d33690 |
||